MDQL
is popping MORE tags! Check the
thread
!
Quizzes
Events
Quiz Creation
Community
Videos
Private Events
Remove Ads
Sign In
Join for FREE
Feedback
Dark Mode
Quiz Categories
Sports
Geography
Music
Movies
Television
Just For Fun
Miscellaneous
History
Literature
Language
Science
Gaming
Entertainment
Religion
Holiday
For Kids
Quiz Lab
Recent
Popular Today
Quiz Kudos Today
Editor Picks
Curator Picks
Quizzes by...
Day
Popularity
Type
Ratings
Length
Year
Community
Subscriptions
Recent Discussions
Orange Saloon
Badges
Playlists
Quests
Create
Leaderboards
Showdown
Live 5
Trivia Bingo
Activity
Puzzle Library
Sporcle Events
Private Events
Virtual Trivia
Globe League
Become a Host
Pub Owners
SporcleCon
Opinionation
Our Games
Videos
Blog
Mobile Apps
Partnerships
Remove Ads and Go Orange
Feedback
Miscellaneous
Crossword
General Knowledge
Baby Names
Logo
Food
Cars
Numbers
Grab Bag
University
College
Popular
Company
Slogans
Restaurants
Justice
Letter
Miscellaneous
Crossword
General Knowledge
Baby Names
Logo
Food
Cars
Numbers
Grab Bag
University
College
Popular
Company
Slogans
Restaurants
Justice
Letter
Random Quiz
Search Sporcle
×
Quiz Lab
Quiz Lab
Miscellaneous
Baby Names
Type in answers that appear in a list
Type in answers that appear in a list
Classic
Best Score? Go Orange.
Nombres Populares de Ninos en Puerto Rico - 2013 Stats
Can you name the Most Popular Baby Boy Names in Puerto Rico - 2013
By
jomichelle
12m
100 Questions
88 Plays
88 Plays
88 Plays
Comments
Comments
Give Quiz Kudos
Give Quiz Kudos
-
- Ratings
hide this ad
Replay
Link that replays current quiz
Next Quiz
Link to next quiz in quiz playlist
You Got
0%
They Got
Avg Score
34%
Avg Friend Score
Upgrade to see
Score Distribution
Jump to the score distribution portion of the page
Score
0/100
Timer
12:00
0
Plays Today
Name
% Correct
Juan
85.2%
Jose
84.1%
Daniel
78.4%
Carlos
73.9%
Pablo
72.7%
David
71.6%
Miguel
68.2%
Gabriel
67%
Luis
62.5%
Ricardo
61.4%
Francisco
61.4%
Alejandro
60.2%
Lucas
60.2%
Alex
60.2%
John
59.1%
Javier
59.1%
Fernando
56.8%
Sebastian
55.7%
Jorge
55.7%
Victor
54.5%
Samuel
54.5%
Christian
53.4%
Diego
52.3%
Jacob
52.3%
Jesus
52.3%
Marcos
52.3%
Eduardo
52.3%
Angel
51.1%
Michael
51.1%
William
51.1%
Chris
51.1%
Adrian
48.9%
Andres
48.9%
Mateo
48.9%
Name
% Correct
Nicolas
47.7%
Kevin
46.6%
Matthew
45.5%
Joseph
45.5%
Noah
45.5%
Esteban
45.5%
Alexander
44.3%
Liam
44.3%
Jonathan
44.3%
Ethan
42%
Julian
42%
Nathan
42%
Christopher
42%
Isaac
40.9%
Joshua
39.8%
Ryan
36.4%
Hector
35.2%
Steven
34.1%
Anthony
33%
Xavier
33%
Ian
31.8%
Justin
31.8%
Damian
30.7%
Jayden
29.5%
Josue
29.5%
Bryan
28.4%
Rafael
28.4%
Joel
28.4%
Caleb
27.3%
Omar
27.3%
Fabian
26.1%
Dylan
23.9%
Alexis
21.6%
Gustavo
21.6%
Name
% Correct
Alan
21.6%
Axel
15.9%
Jeremy
14.8%
Edwin
14.8%
Gael
14.8%
Kenneth
14.8%
Derek
13.6%
Elian
12.5%
Jaden
11.4%
Erick
11.4%
Ezequiel
9.1%
Kaleb
8%
Jan
8%
Jean
4.5%
Keniel
3.4%
Yadiel
3.4%
Dariel
3.4%
Jaycob
3.4%
Yariel
3.4%
Jomar
3.4%
Dereck
2.3%
Yahir
2.3%
Abdiel
2.3%
Jeyden
2.3%
Jeriel
2.3%
Denzel
2.3%
Joniel
2.3%
Yeriel
2.3%
Kenniel
2.3%
Adriel
2.3%
Jeniel
1.1%
Keyden
1.1%
Quiz Playlist
Details
Report
Send in Message
Add To Playlist
Classic:
Type in answers that appear in a list
Quiz Source
Last Updated: Feb 16, 2017
Quiz Scoreboard
CHALLENGE
Sign Up to Join the Scoreboard
Show All
Scores
Hide
Comments
May contain spoilers
Recently Published
Find the 'City' Movie
by crazypaving
Movies
60s
5x2 Blitz: Bands
by SL_Kpop136
Music
30s
Colored Red Africa Blitz
by spor1
Geography
30s
More to Explore
Quiz From the Vault
Featured Blog Post
14 Easter Pick-up Lines to Find Eggs With
hide this ad
You Might Also Like...
Tags
Baby Names Quiz
Popular Quiz
100 Popular
Baby Boy
Puerto Rico
US Popular
Today's Top Quizzes in Miscellaneous
Browse Miscellaneous
hide this ad
Today's Top Quizzes in Baby Names
Browse Baby Names
Top Contributed Quizzes in Miscellaneous
1
5-to-1: Fast Food
2
The JOE quick-fire general knowledge quiz: Day 174
3
9x9 Crossword: Disney Movie Titles
4
9x9 Crossword: Charlie and the Chocolate Factory
5
9x9 Crossword: 2022 Movies
6
9x9 Crossword: Pixar Movie Titles
7
9x9 Crossword: Actors
8
9x9 Crossword: Flags
9
9x9 Crossword: Mario
10
9x9 Crossword: The Simpsons
Explore More
Trending Topics
Marvel
Harry Potter
Kpop
NBA
Anime
Crossword
Disney
Soccer
WWE
NFL
The Office
Pokémon
Song
Country
Puzzle
hide this ad
More By:
jomichelle
Quiz
Plays
Rating
Category
Featured
Created
Top US Baby Girl names during World War I (1914-1918)
1,357
4.55
Miscellaneous
Nov 19, 2014
Top US Baby Girl names during World War II (1939-1945)
1,283
4.86
Miscellaneous
Nov 14, 2014
Top US Baby Boy names during World War II (1939-1945)
823
4.80
Miscellaneous
Nov 14, 2014
Top US Baby Boy Names during WWI (1914-1918)
772
5.00
Miscellaneous
Nov 19, 2014
The Presidents and Their Wives by Their First Names
213
2.50
History
Jan 1, 2015
Go to Creator's Profile
Score Distribution
Quiz Creator Spotlight
jomichelle
Follow
Send a Message
Quizzes Created
-
Created Quiz Play Count
-
More By This Creator
Popular Quizzes Today
1
Colored Red Africa Blitz
2
Find the 'City' Movie
3
Find the US States - No Outlines Minefield
4
5x2 Blitz: Bands
5
The Countries of the World
6
Find the US States
7
US States
8
Find the Countries of Europe - No Outlines Minefield
More Miscellaneous Quizzes
Supervocalic Images
Published
Trending Quizzes
Colored Red Europe Blitz I
Colored Red Africa Blitz II
Colored Red Europe Blitz II
Colored Red Africa Blitz III
Colored Red Europe Blitz III
Recently Updated
How Do You Spell That?
pecheneg
Godzilla Movies
pecheneg
Grab Bag: 4-10 Letters
pecheneg
2024 March Madness Bracket
pecheneg
Famous TV Couples
Peacemaker
Champions League XIs: Real Madrid
pecheneg
Largest US Cities 1790-2010
pecheneg
Rides in Walt Disney World
pecheneg
Most Oscar Losses (Acting)
pecheneg
Beyoncé Albums
pecheneg
Trending Topics
Disney
Anime
Marvel
Crossword
Kpop
NBA
Harry Potter
WWE
Puzzle
Pokémon
Country
Song
The Office
Soccer
NFL
Your Account Isn't Verified!
In order to create a playlist on Sporcle, you need to verify the email address you used during registration. Go to your
Sporcle Settings
to finish the process.
Report this User
Report this user for behavior that violates our
Community Guidelines
.
Details:
Send Report
Go to the Sporcle.com Mobile Site →
Comments